[Event "Russian Rapid Team Championship (m)"]
[Site "Sochi"]
[Date "2022.10.18"]
[Round "5.14"]
[White "Lesovoi, Evgenij"]
[Black "Kezin, Roman"]
[Result "1/2-1/2"]
[BlackElo "2471"]
[WhiteElo "2322"]
[LiveChessVersion "1.4.8"]

1. d4 {[%clk 0:15:18]} Nf6 {[%clk 0:15:19]} 2. c4 {[%clk 0:15:25]} e6
{[%clk 0:15:28]} 3. Nc3 {[%clk 0:15:30]} Bb4 {[%clk 0:15:37]} 4. Qc2
{[%clk 0:15:38]} c5 {[%clk 0:15:37]} 5. dxc5 {[%clk 0:15:45]} O-O
{[%clk 0:15:43]} 6. g3 {[%clk 0:15:23]} Qa5 {[%clk 0:15:18]} 7. Bd2
{[%clk 0:14:27]} Qxc5 {[%clk 0:15:18]} 8. a3 {[%clk 0:14:18]} Bxc3
{[%clk 0:14:54]} 9. Qxc3 {[%clk 0:14:26]} Ne4 {[%clk 0:15:00]} 10. Be3
{[%clk 0:13:43]} Qc6 {[%clk 0:14:38]} 11. Qc2 {[%clk 0:13:50]} Nd6
{[%clk 0:13:54]} 12. Nf3 {[%clk 0:09:51]} Nxc4 {[%clk 0:14:02]} 13. Bd4
{[%clk 0:07:59]} b5 {[%clk 0:06:14]} 14. Bg2 {[%clk 0:07:39]} Ne3
{[%clk 0:06:10]} 15. Qxc6 {[%clk 0:07:24]} Nxg2+ {[%clk 0:06:18]} 16. Kf1
{[%clk 0:07:33]} Nxc6 {[%clk 0:06:25]} 17. Kxg2 {[%clk 0:07:41]} Nxd4
{[%clk 0:05:38]} 18. Nxd4 {[%clk 0:07:49]} Bb7+ {[%clk 0:05:47]} 19. f3
{[%clk 0:07:57]} a6 {[%clk 0:05:44]} 20. Rac1 {[%clk 0:08:03]} Rfc8
{[%clk 0:05:52]} 21. Kf2 {[%clk 0:07:48]} Kf8 {[%clk 0:05:59]} 22. e4
{[%clk 0:07:45]} Ke7 {[%clk 0:06:06]} 23. Nb3 {[%clk 0:07:35]} e5
{[%clk 0:01:58]} 24. Ke3 {[%clk 0:07:29]} Rxc1 {[%clk 0:01:47]} 25. Rxc1
{[%clk 0:07:34]} Rc8 {[%clk 0:01:55]} 26. Rxc8 {[%clk 0:06:46]} Bxc8
{[%clk 0:02:04]} 27. Na5 {[%clk 0:06:35]} Kd6 {[%clk 0:01:45]} 28. b4
{[%clk 0:06:40]} Kc7 {[%clk 0:01:55]} 29. f4 {[%clk 0:06:10]} f6 {[%clk 0:02:04]}
30. Nb3 {[%clk 0:05:45]} d6 {[%clk 0:02:12]} 31. Nc1 {[%clk 0:05:30]} Be6
{[%clk 0:02:19]} 32. Ne2 {[%clk 0:05:37]} Bc4 {[%clk 0:02:24]} 33. Nc3
{[%clk 0:05:34]} Kd7 {[%clk 0:01:30]} 34. Kf3 {[%clk 0:05:28]} Ke6
{[%clk 0:01:30]} 35. Ke3 {[%clk 0:05:34]} exf4+ {[%clk 0:00:57]} 36. gxf4
{[%clk 0:05:15]} g5 {[%clk 0:01:06]} 37. Nd1 {[%clk 0:05:09]} h5 {[%clk 0:01:09]}
38. Nf2 {[%clk 0:04:59]} g4 {[%clk 0:01:08]} 39. Nh1 {[%clk 0:04:48]} d5
{[%clk 0:00:18]} 40. Ng3 {[%clk 0:04:50]} h4 {[%clk 0:00:21]} 41. Nf5
{[%clk 0:04:43]} g3 {[%clk 0:00:14]} 42. hxg3 {[%clk 0:04:45]} h3
{[%clk 0:00:22]} 43. Nd4+ {[%clk 0:04:14]} Kd6 {[%clk 0:00:31]} 44. Nf3
{[%clk 0:04:07]} dxe4 {[%clk 0:00:32]} 45. Kxe4 {[%clk 0:04:04]} Bd5+
{[%clk 0:00:16]} 46. Ke3 {[%clk 0:04:13]} Bc6 {[%clk 0:00:13]} 47. g4
{[%clk 0:03:57]} Kd5 {[%clk 0:00:16]} 48. Kf2 {[%clk 0:03:39]} Kc4
{[%clk 0:00:12]} 49. g5 {[%clk 0:03:47]} fxg5 {[%clk 0:00:11]} 50. fxg5
{[%clk 0:03:45]} Be8 {[%clk 0:00:14]} 51. Nd2+ {[%clk 0:03:11]} Kc3
{[%clk 0:00:11]} 52. Ne4+ {[%clk 0:03:20]} Kb3 {[%clk 0:00:12]} 53. Nc5+
{[%clk 0:03:28]} Kxa3 {[%clk 0:00:18]} 54. Nxa6 {[%clk 0:03:37]} Bg6
{[%clk 0:00:20]} 55. Kg3 {[%clk 0:03:45]} Bf5 {[%clk 0:00:29]} 56. g6
{[%clk 0:03:54]} Bxg6 {[%clk 0:00:35]} 57. Kxh3 {[%clk 0:04:02]} Bf5+
{[%clk 0:00:40]} 58. Kg3 {[%clk 0:04:11]} Bc8 {[%clk 0:00:49]} 59. Nc7
{[%clk 0:04:20]} Kxb4 {[%clk 0:00:57]} 60. Nxb5 {[%clk 0:04:29]} Kxb5
{[%clk 0:01:05]} 1/2-1/2

[Event "Russian Rapid Team Championship (m)"]
[Site "Sochi"]
[Date "2022.10.18"]
[Round "5.15"]
[White "Khubukshanov, Erdem"]
[Black "Palchun, Grigory"]
[Result "1-0"]
[BlackElo "2216"]
[WhiteElo "2421"]
[LiveChessVersion "1.4.8"]

1. e4 {[%clk 0:15:17]} e5 {[%clk 0:15:07]} 2. Nf3 {[%clk 0:15:23]} Nc6
{[%clk 0:15:16]} 3. Bc4 {[%clk 0:15:30]} Bc5 {[%clk 0:15:22]} 4. O-O
{[%clk 0:15:34]} Nf6 {[%clk 0:15:24]} 5. d3 {[%clk 0:15:42]} d6 {[%clk 0:15:26]}
6. c3 {[%clk 0:15:49]} O-O {[%clk 0:15:23]} 7. h3 {[%clk 0:15:52]} a6
{[%clk 0:15:19]} 8. a4 {[%clk 0:15:59]} Bb6 {[%clk 0:15:19]} 9. Re1
{[%clk 0:15:23]} Ne7 {[%clk 0:15:07]} 10. a5 {[%clk 0:14:45]} Ba7
{[%clk 0:15:15]} 11. d4 {[%clk 0:13:54]} Ng6 {[%clk 0:15:18]} 12. Nbd2
{[%clk 0:13:56]} h6 {[%clk 0:14:06]} 13. Bd3 {[%clk 0:13:44]} Re8
{[%clk 0:12:53]} 14. Nf1 {[%clk 0:13:29]} exd4 {[%clk 0:11:31]} 15. cxd4
{[%clk 0:13:30]} c5 {[%clk 0:11:39]} 16. Be3 {[%clk 0:11:24]} cxd4
{[%clk 0:10:47]} 17. Bxd4 {[%clk 0:11:25]} Bxd4 {[%clk 0:10:52]} 18. Nxd4
{[%clk 0:11:32]} Ne5 {[%clk 0:10:33]} 19. Bc2 {[%clk 0:09:51]} b6
{[%clk 0:07:22]} 20. b4 {[%clk 0:08:31]} Bb7 {[%clk 0:07:04]} 21. Nf5
{[%clk 0:07:22]} Nc4 {[%clk 0:03:48]} 22. Bb3 {[%clk 0:06:19]} Rxe4
{[%clk 0:03:22]} 23. Rxe4 {[%clk 0:04:55]} Bxe4 {[%clk 0:03:29]} 24. Nxh6+
{[%clk 0:05:03]} gxh6 {[%clk 0:03:37]} 25. Bxc4 {[%clk 0:05:12]} d5
{[%clk 0:03:39]} 26. Be2 {[%clk 0:05:01]} bxa5 {[%clk 0:03:31]} 27. bxa5
{[%clk 0:05:05]} Qd6 {[%clk 0:03:07]} 28. Qd4 {[%clk 0:05:04]} Rb8
{[%clk 0:03:01]} 29. Ng3 {[%clk 0:04:38]} Bg6 {[%clk 0:02:36]} 30. Qd2
{[%clk 0:03:56]} Kh7 {[%clk 0:02:20]} 31. Bd3 {[%clk 0:03:59]} d4
{[%clk 0:01:37]} 32. Ra4 {[%clk 0:03:45]} Rd8 {[%clk 0:01:29]} 33. Bxg6+
{[%clk 0:03:53]} fxg6 {[%clk 0:01:36]} 34. Qd3 {[%clk 0:04:02]} Qe5
{[%clk 0:01:24]} 35. Ra2 {[%clk 0:03:54]} Nd5 {[%clk 0:01:28]} 36. Qxa6
{[%clk 0:03:51]} Rd7 {[%clk 0:01:25]} 37. Re2 {[%clk 0:03:54]} Qf4
{[%clk 0:01:23]} 38. Qc4 {[%clk 0:03:12]} Nf6 {[%clk 0:01:11]} 39. Qd3
{[%clk 0:03:11]} Ra7 {[%clk 0:01:10]} 40. Re6 {[%clk 0:02:51]} Qc1+
{[%clk 0:00:53]} 41. Kh2 {[%clk 0:03:00]} Qf4 {[%clk 0:01:01]} 42. Kg1
{[%clk 0:02:50]} Qc1+ {[%clk 0:00:59]} 43. Nf1 {[%clk 0:02:59]} Qf4
{[%clk 0:00:51]} 44. g3 {[%clk 0:03:08]} 1-0

[Event "Russian Rapid Team Championship (m)"]
[Site "Sochi"]
[Date "2022.10.18"]
[Round "5.16"]
[White "Babanin, Gleb"]
[Black "Obgolts, Erik"]
[Result "0-1"]
[BlackElo "2397"]
[WhiteElo "2223"]
[LiveChessVersion "1.4.8"]

1. e4 {[%clk 0:15:19]} c5 {[%clk 0:15:16]} 2. Nf3 {[%clk 0:15:27]} e6
{[%clk 0:15:24]} 3. g3 {[%clk 0:15:35]} Nc6 {[%clk 0:15:32]} 4. Bg2
{[%clk 0:15:43]} Nf6 {[%clk 0:15:40]} 5. d3 {[%clk 0:15:51]} d5 {[%clk 0:15:38]}
6. Nbd2 {[%clk 0:15:58]} Be7 {[%clk 0:15:40]} 7. O-O {[%clk 0:16:04]} O-O
{[%clk 0:14:59]} 8. Re1 {[%clk 0:16:12]} dxe4 {[%clk 0:15:03]} 9. dxe4
{[%clk 0:16:18]} e5 {[%clk 0:15:12]} 10. c3 {[%clk 0:16:07]} Qc7 {[%clk 0:15:00]}
11. Qc2 {[%clk 0:16:11]} h6 {[%clk 0:15:07]} 12. Nc4 {[%clk 0:15:46]} Be6
{[%clk 0:15:15]} 13. Ne3 {[%clk 0:15:53]} Rfd8 {[%clk 0:15:04]} 14. Bd2
{[%clk 0:13:33]} c4 {[%clk 0:14:40]} 15. Rad1 {[%clk 0:13:18]} b5
{[%clk 0:14:41]} 16. Bc1 {[%clk 0:13:19]} Bc5 {[%clk 0:14:25]} 17. b4
{[%clk 0:11:45]} cxb3 {[%clk 0:13:56]} 18. axb3 {[%clk 0:11:53]} a5
{[%clk 0:14:02]} 19. Nh4 {[%clk 0:11:22]} Bxe3 {[%clk 0:12:52]} 20. Bxe3
{[%clk 0:11:30]} Nb4 {[%clk 0:10:34]} 21. Qe2 {[%clk 0:10:01]} Qxc3
{[%clk 0:10:00]} 22. f4 {[%clk 0:09:48]} Rxd1 {[%clk 0:09:42]} 23. Rxd1
{[%clk 0:09:56]} Bg4 {[%clk 0:09:42]} 24. Bf3 {[%clk 0:09:40]} Bxf3
{[%clk 0:09:43]} 25. Qxf3 {[%clk 0:09:49]} Nc2 {[%clk 0:09:17]} 26. Bc1
{[%clk 0:09:07]} Qxf3 {[%clk 0:09:20]} 27. Nxf3 {[%clk 0:09:16]} Nxe4
{[%clk 0:09:02]} 28. Nxe5 {[%clk 0:09:22]} a4 {[%clk 0:08:54]} 29. bxa4
{[%clk 0:09:30]} bxa4 {[%clk 0:09:02]} 30. Nc4 {[%clk 0:09:13]} a3
{[%clk 0:07:58]} 31. Bxa3 {[%clk 0:09:07]} Ra4 {[%clk 0:07:01]} 32. Rd8+
{[%clk 0:09:11]} Kh7 {[%clk 0:07:09]} 33. Nd6 {[%clk 0:09:20]} Rd4
{[%clk 0:04:14]} 34. Nxf7 {[%clk 0:08:12]} Rxd8 {[%clk 0:04:21]} 35. Nxd8
{[%clk 0:08:20]} Nxa3 {[%clk 0:04:30]} 36. Kg2 {[%clk 0:08:29]} Nc4
{[%clk 0:04:31]} 37. f5 {[%clk 0:08:27]} Ned6 {[%clk 0:04:12]} 38. g4
{[%clk 0:08:35]} Ne5 {[%clk 0:03:48]} 39. Kg3 {[%clk 0:08:43]} Nef7
{[%clk 0:03:45]} 40. Ne6 {[%clk 0:08:46]} Ng5 {[%clk 0:03:18]} 41. Nc7
{[%clk 0:08:34]} Kg8 {[%clk 0:02:37]} 42. h4 {[%clk 0:08:41]} Nge4+
{[%clk 0:02:20]} 43. Kf4 {[%clk 0:08:50]} Nc5 {[%clk 0:02:22]} 44. g5
{[%clk 0:07:40]} h5 {[%clk 0:02:09]} 45. Nd5 {[%clk 0:07:48]} Nd3+
{[%clk 0:02:16]} 46. Ke3 {[%clk 0:07:52]} Nxf5+ {[%clk 0:01:29]} 47. Kxd3
{[%clk 0:08:01]} Nxh4 {[%clk 0:01:38]} 48. Nf4 {[%clk 0:07:31]} g6
{[%clk 0:01:46]} 49. Ke4 {[%clk 0:07:39]} Kf7 {[%clk 0:01:54]} 50. Nd3
{[%clk 0:07:43]} Nf5 {[%clk 0:02:00]} 51. Ne5+ {[%clk 0:07:52]} Kg7
{[%clk 0:02:09]} 52. Kf4 {[%clk 0:07:58]} Nd4 {[%clk 0:02:17]} 53. Kg3
{[%clk 0:07:57]} Ne6 {[%clk 0:02:05]} 54. Kh4 {[%clk 0:08:04]} Nc5
{[%clk 0:02:14]} 55. Kg3 {[%clk 0:08:06]} Nb3 {[%clk 0:02:19]} 56. Nf3
{[%clk 0:08:08]} Nc1 {[%clk 0:02:20]} 57. Kf4 {[%clk 0:07:45]} Nd3+
{[%clk 0:02:19]} 58. Ke3 {[%clk 0:07:53]} Nc5 {[%clk 0:02:27]} 59. Kf4
{[%clk 0:07:52]} Nd7 {[%clk 0:02:31]} 60. Ke4 {[%clk 0:07:48]} Kf7
{[%clk 0:02:40]} 61. Kd5 {[%clk 0:07:54]} Ke7 {[%clk 0:02:42]} 62. Nh4
{[%clk 0:08:01]} Nf8 {[%clk 0:02:47]} 63. Ke5 {[%clk 0:08:07]} Kf7
{[%clk 0:02:55]} 64. Kd6 {[%clk 0:07:49]} Ne6 {[%clk 0:02:48]} 65. Nf3
{[%clk 0:07:58]} Nxg5 {[%clk 0:02:33]} 66. Nxg5+ {[%clk 0:08:06]} Kf6
{[%clk 0:02:42]} 67. Ne4+ {[%clk 0:07:00]} Kf5 {[%clk 0:02:51]} 68. Kd5
{[%clk 0:07:09]} h4 {[%clk 0:02:20]} 69. Nf2 {[%clk 0:07:18]} Kf4
{[%clk 0:01:49]} 70. Kd4 {[%clk 0:07:16]} Kf3 {[%clk 0:01:37]} 71. Nh3
{[%clk 0:06:56]} Kg3 {[%clk 0:01:40]} 72. Ng5 {[%clk 0:06:45]} h3
{[%clk 0:01:27]} 0-1

[Event "Russian Rapid Team Championship (m)"]
[Site "Sochi"]
[Date "2022.10.19"]
[Round "6.1"]
[White "Ponkratov, Pavel"]
[Black "Bocharov, Dmitry"]
[Result "1-0"]
[BlackElo "2562"]
[WhiteElo "2518"]
[LiveChessVersion "1.4.8"]

1. e4 {[%clk 0:15:17]} c5 {[%clk 0:15:19]} 2. Nf3 {[%clk 0:15:26]} d6
{[%clk 0:15:27]} 3. d4 {[%clk 0:15:34]} cxd4 {[%clk 0:15:35]} 4. Nxd4
{[%clk 0:15:42]} Nf6 {[%clk 0:15:43]} 5. Nc3 {[%clk 0:15:50]} a6 {[%clk 0:15:52]}
6. h3 {[%clk 0:15:51]} e5 {[%clk 0:15:56]} 7. Nde2 {[%clk 0:15:59]} h5
{[%clk 0:15:37]} 8. Ng1 {[%clk 0:16:07]} b5 {[%clk 0:14:32]} 9. a4
{[%clk 0:15:08]} b4 {[%clk 0:14:39]} 10. Nd5 {[%clk 0:15:17]} Bb7
{[%clk 0:14:34]} 11. Bg5 {[%clk 0:15:03]} Nbd7 {[%clk 0:13:34]} 12. Bc4
{[%clk 0:14:36]} Be7 {[%clk 0:13:01]} 13. Bxf6 {[%clk 0:14:44]} Bxf6
{[%clk 0:11:58]} 14. Nf3 {[%clk 0:14:19]} O-O {[%clk 0:08:48]} 15. a5
{[%clk 0:10:35]} Nc5 {[%clk 0:05:59]} 16. Qe2 {[%clk 0:10:30]} Rb8
{[%clk 0:05:56]} 17. O-O {[%clk 0:09:52]} h4 {[%clk 0:05:01]} 18. Rfd1
{[%clk 0:09:57]} g6 {[%clk 0:04:59]} 19. b3 {[%clk 0:07:32]} Bg7 {[%clk 0:04:05]}
20. Qe3 {[%clk 0:07:39]} Bc6 {[%clk 0:02:59]} 21. Qe1 {[%clk 0:05:38]} Kh8
{[%clk 0:02:32]} 22. Nh2 {[%clk 0:02:15]} f5 {[%clk 0:02:20]} 23. exf5
{[%clk 0:02:24]} Bxd5 {[%clk 0:01:11]} 24. Rxd5 {[%clk 0:02:29]} gxf5
{[%clk 0:01:19]} 25. Rad1 {[%clk 0:02:30]} Ne4 {[%clk 0:01:25]} 26. f3
{[%clk 0:01:51]} Nc3 {[%clk 0:01:28]} 27. Rxd6 {[%clk 0:02:00]} Qg5
{[%clk 0:01:37]} 28. R1d2 {[%clk 0:02:09]} e4 {[%clk 0:01:41]} 29. fxe4
{[%clk 0:01:59]} fxe4 {[%clk 0:01:19]} 30. Ng4 {[%clk 0:01:11]} Rbe8
{[%clk 0:00:58]} 31. Qe3 {[%clk 0:01:19]} Qxe3+ {[%clk 0:00:35]} 32. Nxe3
{[%clk 0:01:28]} Bf6 {[%clk 0:00:26]} 33. Rf2 {[%clk 0:00:46]} Be7
{[%clk 0:00:34]} 34. Rh6+ {[%clk 0:00:44]} Kg7 {[%clk 0:00:38]} 35. Rc6
{[%clk 0:00:53]} Rxf2 {[%clk 0:00:31]} 36. Kxf2 {[%clk 0:01:02]} Rf8+
{[%clk 0:00:37]} 37. Ke1 {[%clk 0:01:11]} Bg5 {[%clk 0:00:20]} 38. Nd5
{[%clk 0:01:17]} Nxd5 {[%clk 0:00:20]} 39. Bxd5 {[%clk 0:01:26]} e3
{[%clk 0:00:27]} 40. Rxa6 {[%clk 0:01:09]} Rf2 {[%clk 0:00:31]} 41. Be4
{[%clk 0:01:13]} Bf4 {[%clk 0:00:21]} 42. Re6 {[%clk 0:00:46]} Kf8
{[%clk 0:00:16]} 43. Rf6+ {[%clk 0:00:51]} Ke7 {[%clk 0:00:25]} 44. Rf5
{[%clk 0:01:00]} 1-0

[Event "Russian Rapid Team Championship (m)"]
[Site "Sochi"]
[Date "2022.10.19"]
[Round "6.2"]
[White "Kezin, Roman"]
[Black "Shomoev, Anton"]
[Result "1/2-1/2"]
[BlackElo "2553"]
[WhiteElo "2471"]
[LiveChessVersion "1.4.8"]

1. e4 {[%clk 0:15:19]} c5 {[%clk 0:15:08]} 2. Nf3 {[%clk 0:15:28]} d6
{[%clk 0:15:11]} 3. Bb5+ {[%clk 0:15:36]} Nd7 {[%clk 0:14:58]} 4. a4
{[%clk 0:15:45]} Ngf6 {[%clk 0:15:05]} 5. Nc3 {[%clk 0:15:54]} g6
{[%clk 0:15:14]} 6. O-O {[%clk 0:15:17]} Bg7 {[%clk 0:13:21]} 7. a5
{[%clk 0:14:58]} a6 {[%clk 0:13:29]} 8. Be2 {[%clk 0:15:05]} O-O {[%clk 0:13:34]}
9. d3 {[%clk 0:15:13]} b5 {[%clk 0:13:33]} 10. axb6 {[%clk 0:15:21]} Nxb6
{[%clk 0:12:13]} 11. h3 {[%clk 0:12:37]} Bb7 {[%clk 0:12:16]} 12. Bf4
{[%clk 0:12:37]} h6 {[%clk 0:11:57]} 13. Qd2 {[%clk 0:11:37]} Kh7
{[%clk 0:12:05]} 14. Rfe1 {[%clk 0:11:40]} a5 {[%clk 0:12:01]} 15. Bh2
{[%clk 0:11:04]} e5 {[%clk 0:11:16]} 16. b3 {[%clk 0:07:16]} Bc6 {[%clk 0:11:23]}
17. Ra2 {[%clk 0:07:14]} a4 {[%clk 0:08:13]} 18. bxa4 {[%clk 0:07:23]} Nxa4
{[%clk 0:08:21]} 19. Rea1 {[%clk 0:07:25]} Qd7 {[%clk 0:06:10]} 20. Nxa4
{[%clk 0:02:30]} Bxa4 {[%clk 0:06:00]} 21. Qc3 {[%clk 0:02:35]} Nh5
{[%clk 0:04:12]} 22. Nd2 {[%clk 0:02:21]} Nf4 {[%clk 0:04:20]} 23. Bf1
{[%clk 0:02:11]} Bc6 {[%clk 0:02:39]} 24. Nc4 {[%clk 0:01:22]} Qc7
{[%clk 0:02:45]} 25. Ra5 {[%clk 0:00:28]} Ne6 {[%clk 0:01:36]} 26. Bg3
{[%clk 0:00:19]} Nd4 {[%clk 0:01:13]} 27. Rxa8 {[%clk 0:00:28]} Rxa8
{[%clk 0:01:18]} 28. Rxa8 {[%clk 0:00:37]} Bxa8 {[%clk 0:01:27]} 29. Qa1
{[%clk 0:00:34]} Bc6 {[%clk 0:01:31]} 30. c3 {[%clk 0:00:42]} Ne6
{[%clk 0:01:22]} 31. Qa6 {[%clk 0:00:48]} Bf8 {[%clk 0:00:58]} 32. Be2
{[%clk 0:00:45]} h5 {[%clk 0:01:04]} 33. Bd1 {[%clk 0:00:48]} Qb7
{[%clk 0:00:57]} 34. Qxb7 {[%clk 0:00:29]} Bxb7 {[%clk 0:01:06]} 35. Bb3
{[%clk 0:00:29]} Kg7 {[%clk 0:01:01]} 36. f3 {[%clk 0:00:17]} Ba6
{[%clk 0:00:58]} 37. Kf1 {[%clk 0:00:21]} Be7 {[%clk 0:01:04]} 38. Ke2
{[%clk 0:00:29]} h4 {[%clk 0:01:13]} 39. Bh2 {[%clk 0:00:38]} Nf4+
{[%clk 0:00:24]} 40. Bxf4 {[%clk 0:00:45]} Bxc4 {[%clk 0:00:31]} 41. Bxe5+
{[%clk 0:00:44]} dxe5 {[%clk 0:00:40]} 42. Bxc4 {[%clk 0:00:53]} Bg5
{[%clk 0:00:25]} 43. Kd1 {[%clk 0:00:39]} f5 {[%clk 0:00:34]} 44. Kc2
{[%clk 0:00:43]} Kf6 {[%clk 0:00:42]} 45. Bd5 {[%clk 0:00:38]} Be3
{[%clk 0:00:44]} 46. Bc6 {[%clk 0:00:31]} Ke7 {[%clk 0:00:45]} 47. Kb3
{[%clk 0:00:35]} fxe4 {[%clk 0:00:32]} 48. Bxe4 {[%clk 0:00:17]} g5
{[%clk 0:00:40]} 49. Kc4 {[%clk 0:00:23]} Kd6 {[%clk 0:00:49]} 50. Bf5
{[%clk 0:00:29]} Bf2 {[%clk 0:00:53]} 51. Kb5 {[%clk 0:00:32]} Be1
{[%clk 0:01:01]} 52. c4 {[%clk 0:00:39]} Bg3 {[%clk 0:01:05]} 53. Kb6
{[%clk 0:00:46]} Bf4 {[%clk 0:01:01]} 54. Kb7 {[%clk 0:00:54]} Bd2
{[%clk 0:01:02]} 55. Kc8 {[%clk 0:00:59]} Ba5 {[%clk 0:01:10]} 1/2-1/2

[Event "Russian Rapid Team Championship (m)"]
[Site "Sochi"]
[Date "2022.10.19"]
[Round "6.3"]
[White "Lysyj, Igor"]
[Black "Khubukshanov, Erdem"]
[Result "1-0"]
[BlackElo "2421"]
[WhiteElo "2530"]
[LiveChessVersion "1.4.8"]

1. d4 {[%clk 0:15:18]} Nf6 {[%clk 0:15:15]} 2. c4 {[%clk 0:15:26]} e6
{[%clk 0:15:23]} 3. Nf3 {[%clk 0:15:35]} d5 {[%clk 0:15:30]} 4. Nc3
{[%clk 0:15:43]} c6 {[%clk 0:15:35]} 5. e3 {[%clk 0:15:52]} Nbd7 {[%clk 0:15:41]}
6. Qc2 {[%clk 0:16:00]} Bd6 {[%clk 0:15:12]} 7. b3 {[%clk 0:16:07]} O-O
{[%clk 0:13:59]} 8. Be2 {[%clk 0:16:11]} b6 {[%clk 0:12:57]} 9. O-O
{[%clk 0:16:11]} Bb7 {[%clk 0:12:33]} 10. Bb2 {[%clk 0:16:19]} Qe7
{[%clk 0:12:32]} 11. Rad1 {[%clk 0:16:28]} Rac8 {[%clk 0:08:16]} 12. e4
{[%clk 0:16:35]} e5 {[%clk 0:07:05]} 13. dxe5 {[%clk 0:15:39]} Nxe5
{[%clk 0:07:12]} 14. Nd4 {[%clk 0:15:48]} Bc5 {[%clk 0:05:38]} 15. exd5
{[%clk 0:09:02]} cxd5 {[%clk 0:04:34]} 16. cxd5 {[%clk 0:09:07]} Nxd5
{[%clk 0:04:06]} 17. Nxd5 {[%clk 0:09:11]} Bxd5 {[%clk 0:04:15]} 18. Qf5
{[%clk 0:09:12]} g6 {[%clk 0:02:02]} 19. Qf4 {[%clk 0:08:23]} Qc7
{[%clk 0:01:13]} 20. Nf5 {[%clk 0:07:37]} f6 {[%clk 0:00:22]} 21. Nh6+
{[%clk 0:07:33]} Kg7 {[%clk 0:00:30]} 22. Rxd5 {[%clk 0:07:42]} Bd6
{[%clk 0:00:26]} 23. Qh4 {[%clk 0:07:03]} Rcd8 {[%clk 0:00:29]} 24. Rfd1
{[%clk 0:06:27]} Rfe8 {[%clk 0:00:17]} 25. Bf1 {[%clk 0:05:46]} a5
{[%clk 0:00:15]} 26. Bxe5 {[%clk 0:05:29]} fxe5 {[%clk 0:00:17]} 27. Ng4
{[%clk 0:05:30]} Rf8 {[%clk 0:00:25]} 28. Qh6+ {[%clk 0:05:25]} Kg8
{[%clk 0:00:24]} 29. Bc4 {[%clk 0:05:27]} 1-0

[Event "Russian Rapid Team Championship (m)"]
[Site "Sochi"]
[Date "2022.10.19"]
[Round "6.4"]
[White "Obgolts, Erik"]
[Black "Remizov, Yaroslav"]
[Result "1-0"]
[BlackElo "2355"]
[WhiteElo "2397"]
[LiveChessVersion "1.4.8"]

1. e4 {[%clk 0:15:17]} c5 {[%clk 0:15:13]} 2. Nf3 {[%clk 0:15:25]} d6
{[%clk 0:15:18]} 3. d4 {[%clk 0:15:20]} cxd4 {[%clk 0:15:27]} 4. Nxd4
{[%clk 0:15:29]} Nf6 {[%clk 0:15:35]} 5. Nc3 {[%clk 0:15:37]} a6 {[%clk 0:15:43]}
6. Be3 {[%clk 0:15:46]} e5 {[%clk 0:15:39]} 7. Nf3 {[%clk 0:15:54]} Be7
{[%clk 0:15:14]} 8. Bc4 {[%clk 0:16:02]} O-O {[%clk 0:15:21]} 9. O-O
{[%clk 0:16:09]} Be6 {[%clk 0:15:23]} 10. Bb3 {[%clk 0:16:12]} Nc6
{[%clk 0:14:38]} 11. Qe2 {[%clk 0:16:11]} b5 {[%clk 0:14:27]} 12. Rfd1
{[%clk 0:15:12]} Qc7 {[%clk 0:11:50]} 13. Bg5 {[%clk 0:12:24]} Rac8
{[%clk 0:09:10]} 14. Bxf6 {[%clk 0:11:54]} Bxf6 {[%clk 0:09:18]} 15. Nd5
{[%clk 0:11:14]} Bxd5 {[%clk 0:09:25]} 16. Bxd5 {[%clk 0:11:22]} Nd4
{[%clk 0:09:24]} 17. Nxd4 {[%clk 0:11:27]} exd4 {[%clk 0:09:32]} 18. Bb3
{[%clk 0:10:30]} Rfe8 {[%clk 0:09:09]} 19. Qd3 {[%clk 0:10:29]} Qc6
{[%clk 0:08:46]} 20. Re1 {[%clk 0:10:07]} a5 {[%clk 0:05:36]} 21. a4
{[%clk 0:10:12]} b4 {[%clk 0:05:44]} 22. Re2 {[%clk 0:09:51]} Re7
{[%clk 0:05:30]} 23. Bd5 {[%clk 0:08:59]} Qd7 {[%clk 0:04:53]} 24. g3
{[%clk 0:08:45]} h5 {[%clk 0:04:11]} 25. Kg2 {[%clk 0:07:51]} h4 {[%clk 0:03:48]}
26. f4 {[%clk 0:06:49]} Rc5 {[%clk 0:01:54]} 27. Qf3 {[%clk 0:05:21]} Qc8
{[%clk 0:00:47]} 28. Bb3 {[%clk 0:04:52]} d3 {[%clk 0:00:41]} 29. Qxd3
{[%clk 0:04:15]} Bxb2 {[%clk 0:00:40]} 30. Rd1 {[%clk 0:04:04]} Rc3
{[%clk 0:00:14]} 31. Qxd6 {[%clk 0:03:02]} h3+ {[%clk 0:00:12]} 32. Kf2
{[%clk 0:02:49]} Qg4 {[%clk 0:00:14]} 33. Qxe7 {[%clk 0:02:12]} Rf3+
{[%clk 0:00:17]} 34. Ke1 {[%clk 0:01:09]} Bc3+ {[%clk 0:00:25]} 35. Rdd2
{[%clk 0:01:19]} Rxf4 {[%clk 0:00:16]} 36. Qd8+ {[%clk 0:00:56]} Kh7
{[%clk 0:00:25]} 37. Qh4+ {[%clk 0:01:05]} Qxh4 {[%clk 0:00:34]} 38. gxh4
{[%clk 0:01:14]} Kg6 {[%clk 0:00:17]} 39. Re3 {[%clk 0:01:13]} Rxh4
{[%clk 0:00:15]} 40. Ke2 {[%clk 0:01:08]} Bxd2 {[%clk 0:00:23]} 41. Kxd2
{[%clk 0:01:17]} f6 {[%clk 0:00:13]} 42. Rg3+ {[%clk 0:01:21]} Kh6
{[%clk 0:00:21]} 43. Ke3 {[%clk 0:01:29]} Rh5 {[%clk 0:00:26]} 44. Be6
{[%clk 0:01:32]} Rc5 {[%clk 0:00:35]} 45. Rxh3+ {[%clk 0:01:32]} Kg5
{[%clk 0:00:42]} 46. Rg3+ {[%clk 0:01:38]} Kh4 {[%clk 0:00:50]} 47. Bb3
{[%clk 0:01:20]} g5 {[%clk 0:00:51]} 48. Rf3 {[%clk 0:01:18]} Rc6
{[%clk 0:00:53]} 49. Kf2 {[%clk 0:01:20]} g4 {[%clk 0:00:47]} 50. Rf5
{[%clk 0:01:28]} Rd6 {[%clk 0:00:57]} 51. Ke3 {[%clk 0:01:16]} Ra6
{[%clk 0:00:42]} 52. Bf7 {[%clk 0:01:14]} Kh3 {[%clk 0:00:47]} 53. Kf2
{[%clk 0:01:23]} 1-0

[Event "Russian Rapid Team Championship (m)"]
[Site "Sochi"]
[Date "2022.10.19"]
[Round "6.5"]
[White "Artemiev, Vladislav"]
[Black "Malakhov, Vladimir"]
[Result "1/2-1/2"]
[BlackElo "2670"]
[WhiteElo "2710"]
[LiveChessVersion "1.4.8"]

1. d4 {[%clk 0:13:43]} d5 {[%clk 0:15:17]} 2. c4 {[%clk 0:13:51]} e6
{[%clk 0:15:22]} 3. Nc3 {[%clk 0:13:52]} Nf6 {[%clk 0:15:30]} 4. cxd5
{[%clk 0:13:43]} exd5 {[%clk 0:15:34]} 5. Bg5 {[%clk 0:13:50]} c6
{[%clk 0:15:41]} 6. Qc2 {[%clk 0:13:04]} Be7 {[%clk 0:15:35]} 7. e3
{[%clk 0:13:11]} O-O {[%clk 0:15:42]} 8. Bd3 {[%clk 0:13:02]} Nbd7
{[%clk 0:15:41]} 9. h3 {[%clk 0:11:56]} Re8 {[%clk 0:15:02]} 10. Bf4
{[%clk 0:11:20]} Nf8 {[%clk 0:13:28]} 11. Nf3 {[%clk 0:11:28]} Bd6
{[%clk 0:11:04]} 12. Bxd6 {[%clk 0:11:04]} Qxd6 {[%clk 0:11:13]} 13. O-O
{[%clk 0:11:04]} Qe7 {[%clk 0:09:22]} 14. Rab1 {[%clk 0:06:38]} a5
{[%clk 0:07:39]} 15. Rbe1 {[%clk 0:04:27]} Ne4 {[%clk 0:06:52]} 16. Bxe4
{[%clk 0:04:31]} dxe4 {[%clk 0:07:01]} 17. Nd2 {[%clk 0:04:39]} f5
{[%clk 0:07:09]} 18. f3 {[%clk 0:04:48]} exf3 {[%clk 0:07:06]} 19. Nxf3
{[%clk 0:04:55]} Be6 {[%clk 0:05:12]} 20. e4 {[%clk 0:05:03]} fxe4
{[%clk 0:05:14]} 21. Nxe4 {[%clk 0:03:54]} Bd5 {[%clk 0:03:48]} 22. Nfg5
{[%clk 0:03:56]} h6 {[%clk 0:02:09]} 23. Nd6 {[%clk 0:01:44]} Qxe1
{[%clk 0:01:15]} 24. Rxe1 {[%clk 0:01:53]} Rxe1+ {[%clk 0:01:24]} 25. Kf2
{[%clk 0:02:02]} Re7 {[%clk 0:01:16]} 26. Nf5 {[%clk 0:02:10]} Rd7
{[%clk 0:01:09]} 27. Ne4 {[%clk 0:00:57]} Bxe4 {[%clk 0:01:02]} 28. Qxe4
{[%clk 0:01:05]} Rad8 {[%clk 0:01:01]} 29. Kg1 {[%clk 0:00:24]} Rf7
{[%clk 0:01:05]} 30. Qe5 {[%clk 0:00:14]} Ng6 {[%clk 0:00:45]} 31. Qe6
{[%clk 0:00:22]} Nf4 {[%clk 0:00:50]} 32. Qe4 {[%clk 0:00:13]} Nd5
{[%clk 0:00:40]} 33. Qe6 {[%clk 0:00:21]} Nf4 {[%clk 0:00:39]} 34. Qe5
{[%clk 0:00:28]} Nd5 {[%clk 0:00:43]} 35. Qe6 {[%clk 0:00:37]} 1/2-1/2